| 000 | 00000nam##2200000za#4500 |
| 001 | 9.636892 |
| 003 | CaOODSP |
| 005 | 20210624220939 |
| 007 | cr ||||||||||| |
| 008 | 150407|2006||||xxc|||||o f|0| 0 fre|d |
| 040 | |aCaOODSP|bfre |
| 043 | |an-cn--- |
| 086 | 1 |aSG5-44/2006F-PDF |
| 110 | 1 |aCanada. |bService Canada. |
| 245 | 10|aSécurité de la vieillesse - prestations destinées aux aînés à faible revenu |h[ressource électronique] |
| 260 | |aOttawa - Ontario : |bService Canada |cc2006. |
| 300 | |a40p. |
| 500 | |aLe n° de catalogue (SD18-8/2006F) et l’ISBN (0-662-71069-X) imprimés dans cette publication sont incorrects. |
| 590 | |a10-10-Supp|b2010-11-09 |
| 691 | 07|aPension|2gcpds |
| 775 | 08|tOld age security - benefits for low-income seniors |w(CaOODSP)9.692625 |
| 856 | 40|ahttp://publications.gc.ca|qPDF|s332 K0|uhttps://publications.gc.ca/collections/collection_2009/servicecanada/SG5-44-2006F.pdf |
| 986 | |aISPB-341-03-06F |